Visualizzazione normale
Vista MARC
- Bach Johann Sebastian
di Personal Name
Records bibliografici associati: 1
001 - CONTROL NUMBER
- control field: 30084
003 - CONTROL NUMBER IDENTIFIER
- control field: IT-RoPau
005 - DATE AND TIME OF LATEST TRANSACTION
- control field: 20140617094801.0
008 - FIXED-LENGTH DATA ELEMENTS
- fixed length control field: 140617|| aca||aabn | a|a d
040 ## - CATALOGING SOURCE
- Original cataloging agency: IT-RoPau
- Transcribing agency: IT-RoPau
100 ## - HEADING--PERSONAL NAME
- Personal name: Bach Johann Sebastian
670 ## - SOURCE DATA FOUND
- Source citation: Work cat.: (IT-RoPau)100217: Bach Johann Sebastian, Concerti branderburghesi n. 3, 4, 5, 6